000 00615nam a2200205 4500
001 81187
003 BD-RjUL
005 20230207150131.0
008 230207s1945 p ||||| |||| 00| 0 u d
035 _a(BD-RjUL)81187
040 _aBD-RjUL
_beng
_cBD-RjUL
041 _aurd
082 _223
_a297.12509
_bAZU 1945
100 _aAbul Kalam Azad
_96888
245 1 0 _aعروج وزوال كا قراني دستور uruj wazawal ka qurani dustur /
_c ابو الكلام ازاد Abul Kalam Azad
260 _aLahore :
_bBazamI Ishaat ,
_c1945
300 _a215 p. ;
_c18 cm
650 _aIslam
942 _2ddc
_cBK
999 _c81187
_d81187